000
00248nam a2200097Ia 4500
008
220204s9999 xx 000 0 und d
082
_a
330(048)(548.1)
_b
TEC
245
0
_a
Techno economic survey of Madras
260
_a
Delhi
_b
NCAER
_c
1961
942
_c
BK
999
_c
23842
_d
23842